|
003 -Nazwa inst., której nr kontr. jest w polu 001 [,]
|
-
- @
- Nazwa instytucji, której n kontrolny jest w polu 001
- NUKAT
|
|
005 -DATA I CZAS OSTATNIEJ MODYFIKACJI [,]
|
-
- @
- pole kontrolne
- 20241231105337.0
|
|
020 -Międzynarod. znormalizowany nr książki - ISBN [ , ]
|
-
- a
- Numer ISBN
- 9788301174033
|
|
040 -Instytucja sporządzająca opis [ , ]
|
-
- a
- Instytucja, która sporządziła opis (NP)
- WR U/PAd
-
- c
- Instytucja, która sporządziła rekord (NP)
- WR U/ap
-
- d
- Instytucja, która zmodyfikowała rekord (P)
- WR U/ap
-
- d
- Instytucja, która zmodyfikowała rekord (P)
- KR 048/PK
|
|
041 -Język dokumentu [1, ]
|
-
- a
- Język tekstu (P)
- polski
-
- h
- Język tekstu oryginalnego i/lub pośredniego (P)
- angielski
|
|
942 -Rodzaj dokumentu [ , ]
|
-
- c
- Rodzaj dokumentu
- Książka
|
|
240 -Tytuł ujednolicony [1,0]
|
-
- a
- Tytuł ujednolicony
- Intermediate microeconomics
-
-
|
|
245 -Strefa tytułu i oznaczenia odpowiedzialności [1,0]
|
-
- a
- Tytuł
- Mikroekonomia :
-
- b
- Ciąg dalszy tytułu (NP)
- kurs średni - ujęcie nowoczesne /
-
- c
- Pozostałe elementy strefy tytułu i oznaczenia odpowiedzialności (NP)
- Hal. R. Varian ; przekład Stanisław Ryszard Domański, Witold Czubala, Adam Niedzielski, Miłosz Rojek, Dariusz Winek ; przekład nowych fragmentów Stanisław Ryszard Domański, Miłosz Rojek ; przedmowa i posłowie do polskiego wydania Stanisław Ryszard Domański ; redakcja naukowa przekładu Stanisław Ryszard Domański, Miłosz Rojek.
|
|
250 -Strefa wydania [ , ]
|
-
- a
- Oznaczenie wydania (NP)
- Wyd. 4 zm., dodr. 1.
|
|
260 -Strefa adresu wydawniczego [ , ]
|
-
- a
- Miejsce wydania (P)
- Warszawa :
-
- b
- Nazwa wydawcy (P)
- Wydawnictwo Naukowe PWN,
-
|
|
700 -Hasło dodatkowe - nazwa osobowa [1, ]
|
-
- a
- Nazwa osobowa (NP)
- Domański, Stanisław Ryszard.
-
- e
- Określenie rodzaju współpracy
- Tł.
-
|
|
700 -Hasło dodatkowe - nazwa osobowa [1, ]
|
-
- a
- Nazwa osobowa (NP)
- Rojek, Miłosz.
-
- e
- Określenie rodzaju współpracy
- Tł.
-
|
|
700 -Hasło dodatkowe - nazwa osobowa [1, ]
|
-
- a
- Nazwa osobowa (NP)
- Winek, Dariusz
-
- d
- Daty biograficzne (NP)
- (1973- ).
-
- e
- Określenie rodzaju współpracy
- Tł.
-
|
|
700 -Hasło dodatkowe - nazwa osobowa [1, ]
|
-
- a
- Nazwa osobowa (NP)
- Czubala, Witold.
-
- e
- Określenie rodzaju współpracy
- Tł.
-
|
|
700 -Hasło dodatkowe - nazwa osobowa [1, ]
|
-
- a
- Nazwa osobowa (NP)
- Niedzielski, Adam
-
- c
- Dopowiedzenie inne niż daty biograficzne (NP)
- (ekonomia).
-
- e
- Określenie rodzaju współpracy
- Tł.
-
|
|
710 -Hasło dodatkowe - nazwa ciała zbiorowego [2, ]
|
-
- a
- Nazwa ciała zbiorowego lub nazwa geograficzna jako pierwszy element (NP)
- Wydawnictwo Naukowe PWN.
-
-
|